| 000 | 00527nam a2200205 a 4500 | ||
|---|---|---|---|
| 003 | DO-SdBNP | ||
| 005 | 20220607101109.0 | ||
| 007 | ta | ||
| 008 | 220607b2018 dr ||||| |||| 00| 0 spa d | ||
| 020 | _a9789945168839 | ||
| 040 |
_aDO-SdBNP _bspa _cBNPHU |
||
| 082 | 4 | _222 | |
| 100 |
_980023 _aPenchi, Israel Torres |
||
| 245 | 1 | 3 |
_aLa trampa / _cIsrael Torres Penchi |
| 260 |
_aSanto Domingo : _bBúho, _c2018. |
||
| 300 |
_a104 p. : _c23 cm. |
||
| 590 | _aInventariado, 2022/BT | ||
| 910 | _aBtavárez | ||
| 942 |
_2ddc _cLBS1 |
||
| 999 |
_c51944 _d51944 |
||